Movie Word Quintets VIII Quiz Stats

 Plays Quiz Updated Nov 27, 2017

Challenge
Share
Tweet
Score 0/30 Timer 08:00
3 Plays Today
% Correct
Gone Girl
95%
Gone with the Wind
94.1%
Rush Hour
89.6%
Young Frankenstein
88.7%
Sex and the City
83.3%
White Men Can't Jump
82.5%
Gone in 60 Seconds
75.1%
City Slickers
72.8%
Dog Day Afternoon
70.8%
Sin City
69.9%
White Chicks
68.5%
Young Guns
67.8%
White Christmas
59.8%
The Gold Rush
48.7%
Wag the Dog
41.1%
% Correct
Gone Baby Gone
40%
Detroit Rock City
39%
Fools Rush In
38.9%
The Shaggy Dog
37.6%
Forever Young
35.3%
White Oleander
30.2%
The Young Victoria
30%
Alpha Dog
29.8%
August Rush
29.4%
Dark City
20.8%
Young Adult
20.2%
Premium Rush
19.4%
Dog Soldiers
12.8%
The White Ribbon
6.7%
Grace Is Gone
5.4%

You're not logged in!

Compare scores with friends on all Sporcle quizzes.
Join for Free
OR
Log In

You Might Also Like...

Show Comments

Extras

Top Quizzes Today


Score Distribution

Your Account Isn't Verified!

In order to create a playlist on Sporcle, you need to verify the email address you used during registration. Go to your Sporcle Settings to finish the process.

Report this User

Report this user for behavior that violates our Community Guidelines.

Details: